Tratado general de soldadura

Gespeichert in:
Bibliographische Detailangaben
Hauptverfasser: Schimpke, Paul (VerfasserIn), Horn, Hans A (VerfasserIn)
Format: Buch
Sprache:Spanisch
Veröffentlicht: Barcelona Gustavo Gili 1954
Schlagworte:
Tags: Tag hinzufügen
Keine Tags, Fügen Sie den ersten Tag hinzu!

MARC

LEADER 00000nam a2200000 a 4500
001 UCP1992
003 CL-VaPUC
008 990430e19540000SP |||||||||||||||||spa|d
082 0 4 |a 671.52  |b SCH  |2 21 
100 0 |a Schimpke, Paul  |e author  |9 428375 
700 0 |a Horn, Hans A  |e author  |9 428376 
245 1 0 |a Tratado general de soldadura 
300 |a v 
942 |c BK 
945 |d 19990430 00:00:00  |a cmena 
260 |a Barcelona  |b Gustavo Gili  |c 1954 
500 |a v.1: Soldadura y corte con soplete 
500 |a v.2: Soldadura eléctrica 
650 0 |a Soldaduras  |9 340447 
650 7 |a TRABAJADO DE METALES  |2 CL-VaPUC  |9 344423 
650 0 |a Procesos industriales  |9 334036 
650 7 |a MAQUINAS PARA SOLDAR  |2 CL-VaPUC  |9 363846 
650 7 |a SOLDADURA ELECTRICA  |2 CL-VaPUC  |9 271820 
583 |a last modification  |c 19990430 00:00:00  |k Rodrigo Vera 
999 |c 280605  |d 280603 
952 |0 0  |1 0  |4 0  |6 671_520000000000000_SCH_1954  |7 0  |8 A  |9 320995  |a BIBMEC  |b BIBMEC  |d 2019-11-20  |h v.1  |i 134255K  |o 671.52 SCH 1954  |p 134255K  |r 2024-01-19  |w 2019-11-20  |y BK  |k MEC 
952 |0 0  |1 0  |4 0  |6 671_520000000000000_SCH_1954  |7 0  |8 A  |9 320996  |a BIBMEC  |b BIBMEC  |d 2019-11-20  |h v.2  |i 1342568  |o 671.52 SCH 1954  |p 1342568  |r 2024-01-19  |w 2019-11-20  |y BK  |k MEC